Logo BPK

Biblioteka

Politechniki Koszalińskiej

Obszary chronione w Polsce / (Rekord nr 52623)

Szczegóły MARC
000 -ETYKIETA REKORDU
podpole kontrolne o stałej długości 00753nam a2200241 i 4500
001 - NUMER KONTROLNY REKORDU
pole kontrolne bg
020 ## - MIĘDZYNARODOWY ZNORMALIZOWANY NUMER KSIĄŻKI - ISBN
ISBN 8385805672
040 ## - ŹRÓDŁO KATALOGOWANIA
Instytucja, która utworzyła rekord BPK
041 0# - KOD JĘZYKA
Kod języka tekstu pl
080 ## - UNIWERSALNA KLASYFIKACJA DZIESIĘTNA - UKD
UKD 502.6(438)(083.8)
920 ## - Międzynarodowy znormalizowany numer książki – ISBN
ISBN 83-85805-67-2
008 - POLE O STAŁEJ DŁUGOŚCI - DANE KONTROLNE
podpole kontrolne o stałej długości s pl f |000 0 pol
245 00 - TYTUŁ/ODPOWIEDZIALNOŚĆ
Tytuł Obszary chronione w Polsce /
Pozostałe elementy strefy tytułu i oznaczenia odpowiedzialności Małgorzata Walczak [et al.] ; Instytut Ochrony Środowiska.
250 ## - STREFA WYDANIA
Oznaczenie wydania Wyd. 3 zaktual. i uzup.
260 ## - STREFA ADRESU WYDAWNICZEGO
Miejsce wydania Warszawa :
Nazwa wydawcy/dystrybutora Dział Wydawnictw IOŚ,
Data publikacji, dystrybucji/powstania dokumentu 2001.
300 ## - STREFA OPISU FIZYCZNEGO
Objętość 310 s. :
Inne cechy fizyczne fot., rys., wykr. ;
Rozmiary 24 cm.
504 ## - UWAGA DOTYCZĄCA BIBLIOGRAFII
Informacje o bibliografii Bibliogr. s. 221. - Indeks.
650 #9 - HASŁO PRZEDMIOTOWE W FORMIE NAZWY OGÓLNEJ LUB JEDNOSTKOWEJ
Nazwa ogólna lub geograficzna Rezerwaty i |parki narodowe
Określnik geograficzny Polska
655 ## - TERMIN INDEKSOWY - OKREŚLENIE RODZAJU/FORMY DOKUMENTU
Określenie rodzaju/formy dokumentu Informatory
700 1# - HASŁO DODATKOWE - NAZWA OSOBOWA
Nazwa osobowa WALCZAK, Małgorzata.
Określenie związku między hasłem a opisywanym materiałem Red.
710 0# - HASŁO DODATKOWE - NAZWA CIAŁA ZBIOROWEGO
Nazwa ciała zbiorowego lub jednostki geograficznej Polska
Nazwa jednostki podrzędnej Instytut Ochrony Środowiska
856 ## - LOKALIZACJA I DOSTĘP DO ELEKTRONICZNYCH DOKUMENTÓW ZDALNYCH
Link (URL) http://koha.tu.koszalin.pl/cgi-bin/koha/opac-detail.pl?biblionumber=52623
Tekst linku Katalog online BPK
942 ## - DODATKOWE ELEMENTY (KOHA)
Typ dokumentu Książka
Egzemplarze
Wycofany Status egzemplarza Uszkodzony Dostępność Lokalizacja stała Lokalizacja bieżąca Miejsce przechowywania Sygnatura Kod kreskowy Dział Typ dokumentu
      Tylko na miejscu Biblioteka Politechniki Koszalińskiej Biblioteka Politechniki Koszalińskiej Czytelnia BG 81250 02347264 502.5 Krajobraz. Rezerwaty Książka
© 2023 Biblioteka Politechniki Koszalińskiej :: KOHA